000 00790nam a22002657a 4500
008 130618b xxu||||| |||| 00| 0 eng d
020 _a81-313-0129-X
024 _cAvailable
037 _cAvailable
040 _aMBSTU LIBRARY
_dMBSTU LIBRARY
082 _222
_a363.2 PAP
100 _aPadhi, N K
110 _aBerdell R Funke and Christine L Case.
245 _aPolice and the weaker sections.
260 _aNew Delhi
_bAPH Publishing Corporation.
_c2007
300 _a21 cm.
_bX,189 page
_f5
_g21 cm.
600 _2Police services.
650 _2Police services.
700 _aPadhi, N K
710 _aBerdell R Funke and Christine L Case.
270 _aNew Delhi
_bNew Delhi
_dIndia
365 _b695.00
_d695.00
942 _2ddc
_cBK
999 _c502
_d502